ბათუმის შოთა რუსთაველის სახელმწიფო უნივერსიტეტის ბიბლიოთეკა

სისხლის სამართლის კერძო ნაწილი : (ბიბ.ჩანაწერი № 63175)

000 -ლიდერი
ფიქსირებული სიგრძის საკონტროლო ველი 01305nam a22002177a 4500
003 - საკონტროლო ნომრის იდენტიფიკატორი
საკონტროლო ველი Ge_BSU
005 - ბოლო ოპერაციის თარიღი და დრო
საკონტროლო ველი 20250618150347.0
008 - ფიქსირებული სიგრძის მონაცემთა ელემენტები - ზოგადი ინფორმაცია
ფიქსირებული სიგრძის საკონტროლო ველი 250618s2023 ge ||||| |||| 00| 0 geo d
020 ## - წიგნის საერთაშორისო სტანდარტული ნომერი
International Standard Book Number 9789941342134
041 ## - ენის კოდი
Language code of text/sound track or separate title geo
080 ## - უნივერსალური ათობითი კლასიფიკაციის ინდექსი
Universal Decimal Classification number 343.3/7 ს-54
245 ## - ცნობა სათაურის შესახებ
Title სისხლის სამართლის კერძო ნაწილი :
Remainder of title ეკონომიკური დანაშაული,დანაშაული საზოგადოებრივი უშიშროებისა და წესრიგის წინააღმდეგ; წიგნი I ნაწილი მეორე /
Statement of responsibility, etc ავტორები: მზია ლეკვეიშვილი, გოჩა მამულაშვილი, ნონა თოდუა.
250 ## - გამოცემის ცნობა
Edition statement მერვე გამოცემა
264 ## - წარმოების, გამოცემის, დისტრიბუციის და სხვა ცნობები
გამოცემის, წარმოების, დისტრიბუციის... ადგილი თბილისი :
გამოცემის, წარმოების, დისტრიბუციის... სახელწოდება მერიდიანი,
გამოცემის, წარმოების, დისტრიბუციის... თარიღი 2023.
300 ## - ფიზიკური აღწერა
Extent 456 გვ.;
Other physical details 21 სმ.
653 ## - INDEX TERM--UNCONTROLLED
Uncontrolled term სისხლის სამართალი.
700 ## - ADDED ENTRY--PERSONAL NAME
Personal name ლეკვეიშვილი, მზია
Relator term ავტორი
9 (RLIN) 25454
700 ## - ADDED ENTRY--PERSONAL NAME
Personal name მამულაშვილი, გოჩა
Relator term ავტორი
9 (RLIN) 25455
700 ## - ADDED ENTRY--PERSONAL NAME
Personal name თოდუა, ნონა
Relator term ავტორი
9 (RLIN) 5363
942 ## - ADDED ENTRY ELEMENTS (KOHA)
Source of classification or shelving scheme
Koha item type წიგნი

არაა ხელმისაწვდომი ეგზემპლარები.